Normal view
MARC view
Entry Personal Name
001 - CONTROL NUMBER
- control field: 3524
003 - CONTROL NUMBER IDENTIFIER
- control field: ARRUPE
005 - DATE AND TIME OF LATEST TRANSACTION
- control field: 20131111121147.0
008 - FIXED-LENGTH DATA ELEMENTS
- fixed length control field: 131111|| aca||aabn | a|a d
040 ## - CATALOGING SOURCE
- Original cataloging agency: ARRUPE
- Transcribing agency: ARRUPE
100 ## - HEADING--PERSONAL NAME
- Personal name: Illich, Ivan,
- Dates associated with a name: 1926-2002.
670 ## - SOURCE DATA FOUND
- Source citation: Work cat.: (ARRUPE)0: Illich, Ivan, 1926-2002., ABC :, 1988.